[Event "Frankfurt Ch 2009"]
[Site "Ffm-Kalbach, LAZ"]
[Date "2009.04.27"]
[Round "1.17"]
[White "Kaliski, Erwin"]
[Black "Seickel, Ralf"]
[Result "1-0"]
[WhiteElo "2231"]
[BlackElo "1722"]
[PlyCount "164"]
[EventDate "2009.??.??"]
[WhiteTeam "SC Bad Nauheim"]
[BlackTeam "vereinslos"]

1. e4 c6 2. d4 d5 3. Nd2 dxe4 4. Nxe4 Bf5 5. Ng3 Bg6 6. Nf3 Nd7 7. Bd3 Ngf6 8.
O-O e6 9. Re1 Be7 10. c4 O-O 11. Bf4 c5 12. Qe2 Bxd3 13. Qxd3 cxd4 14. Qxd4 Bc5
15. Qc3 Qb6 16. Re2 Rac8 17. a3 a5 18. Rd1 Rfd8 19. Red2 Be7 20. Bd6 Bxd6 21.
Rxd6 Rc6 22. R6d2 Rcc8 23. b4 axb4 24. axb4 Nb8 25. Ne5 Rxd2 26. Qxd2 Nc6 27.
Nxc6 Qxc6 28. c5 h6 29. Qd4 Ra8 30. h3 Qd5 31. Qd2 Qxd2 32. Rxd2 Ra1+ 33. Kh2
Rb1 34. Rd8+ Kh7 35. Rb8 Nd7 36. Rxb7 Nxc5 37. Rxf7 Rxb4 38. Rc7 Ne4 39. Nh5
Nxf2 40. Rxg7+ Kh8 41. Rf7 Ne4 42. Rf8+ Kh7 43. Rf4 Rb5 44. Rxe4 Rxh5 45. Rxe6
Ra5 46. Rb6 Ra3 47. g4 Kg7 48. Kg2 Kh7 49. Rf6 Kg7 50. Rf3 Ra2+ 51. Kg3 Ra4 52.
Kh4 Kg6 53. Rf5 Rb4 54. Ra5 Rb6 55. Ra8 Rb5 56. Ra6+ Kg7 57. Re6 Ra5 58. Re3
Kg6 59. Kg3 Kg7 60. h4 Rb5 61. Kf4 Rb4+ 62. Re4 Rb5 63. Re5 Rb1 64. Kf5 Rf1+
65. Ke6 Rf6+ 66. Kd5 Rf4 67. Re4 Rf1 68. Ke5 Rf6 69. Ra4 Rb6 70. Rd4 Rb5+ 71.
Rd5 Rb4 72. Kf5 Rb7 73. h5 Rf7+ 74. Ke6 Rf6+ 75. Ke5 Rf1 76. Rd7+ Kg8 77. Rd6
Kg7 78. Rg6+ Kh7 79. Rf6 Re1+ 80. Kf5 Rf1+ 81. Ke6 Rg1 82. Rf4 Kg7 1-0